000 00298nam a2200121Ia 4500
008 231129s1968||||xx |||||||||||||| ||spa||
082 _aGOR- 172
100 _aGoethe Johann Wolfgang
245 0 _aObras completas. Tomo II
260 _c1968
264 _aMadrid: Aguilar 1968
942 _2ddc
_cBKS
999 _c22007
_d22007